| 000 | 01680cam a22002655a 4500 | ||
|---|---|---|---|
| 001 | L156387 | ||
| 002 | 19076 | ||
| 008 | 160512s2012 xxk f 001 0 eng d | ||
| 020 | _a9781901856330 | ||
| 035 | _a(Sirsi) u156387 | ||
| 041 | 0 | _aeng | |
| 050 | 0 | 4 | _a692.5 $2 18 |
| 110 | 2 | _aFranklin & Andrews Limited | |
| 245 | 0 | 0 |
_aGriffiths complete building price book 2012 _ba complete guide for estimating, checking and forecasting building and civil engineering costs |
| 250 | _a58th ed. | ||
| 260 |
_aCroydon _bFranklin & Andrews Limited _c2011. |
||
| 300 |
_a578p. _c29cm. |
||
| 350 | _a99.40 | ||
| 505 | 2 | _aIntroduction -- New Work -- Alterations and Repairs -- Dayworks -- Memoranda. | |
| 520 | _aA guide for estimating building and civil engineering works compiled in accordance with SMM6.Traditional building trades. The main focuses are site work, concrete work, masonry, roofing, structural steelwork, plumbing & engineering installations, electrical installations and civil engineering activity. The second section deals extensively with alterations and repair. The rates are at bill of quantities unit rate level of detail with separate values for labour plant and material components, easy to read descriptions, labour constants, all-in unit rates with and without profit mark-up, pricing for new construction, extension, refurbishment and grant works. The final section includes a memoranda and tables of reference data. Benchmark build cost per m2 provided for a range of building types, elemental cost analysis provided for a range of building types. | ||
| 521 | _aAdvanced | ||
| 651 | 4 |
_aUnited Kingdom _y |
|
| 690 |
_aCost management _96233 |
||
| 942 | _n0 | ||
| 999 |
_c114230 _d114230 |
||